00385 a2200109 4500001001000000005001700010008004100027245010800068100002300176773005900199999001700258ART_4178420260410161814.0260409a 10aSobre la relación entre la teoría y la práctica en los contenidos de teoría general del derecho1 aAldao, Martín M.0 tAcademiag- Año 12, Nº 24 (jul./dic. 2014)wREV4314 c21703d21703